000 00580nam a22001577a 4500
008 160528b xxu||||| |||| 00| 0 eng d
082 _22007
_aUT 0059
_bAs58
100 _99628
_aAsombrado, Jackelyn A.
245 _aProblem factors and academic performance of UMDB working students/
_cJackelyn A. Asombrado, Resty R. Asombrado and Roel V. Calvo.
260 _aDigos City:
_bUMDC
_cMarch 2007.
300 _a41 pages;
_c29 cm.
650 0 _99627
_aElementary Education
_xUndergraduate thesis.
700 _99625
_aBolawit, Resty R.
700 _99626
_aCalvo, Roel V.
942 _2ddc
_cUT
999 _c2896
_d2896